Random Spanish Words #1 - Statistics

General Stats
  • This quiz has been taken 62 times
  • The average score is 10 of 15
Answer Stats
Hint Answer % Correct
table mesa
94%
school escuela
90%
green verde
88%
meat carne
82%
football fútbol
82%
garden jardín
71%
country país
71%
trousers pantalones
69%
horse caballo
67%
pencil lapíz
65%
airplane avión
61%
cake pastel
55%
singer cantante
33%
fork tenedor
29%
wales gales
20%
No matching quizzes found
Score Distribution
Percent of People with Each Score
Percentile by Number Answered
Your Score History
You have not taken this quiz